000 00510nam a22001937a 4500
003 MPLRDC
005 20220104150842.0
008 210129b ||||| |||| 00| 0 eng d
020 _a986-7975-05-7
082 _a784.28 EXU
100 _aCONSUELO DE SAINT-EXUPERY
245 _a小王子的玫瑰
_c余光照译
250 _a第一版
260 _a台湾
_b大块文化出版股份有限公司
_c2002
300 _b369
490 _aMARK. 29
650 _a法国名人自传
942 _cBK
_o784.28 EXU
999 _c52079
_d52069